Datum a čas kvízu
36.5
Celkem bodů
Celkový počet nahraných bodů na tomto kvízu bez doplňovacích otázek.
4.
Pořadí na kvízu
Konečné umístění týmu na tomto kvízu.
Zaznamenané odpovědi
| # | Otázka | Odpověď | Body | Výsledky |
|---|---|---|---|---|
| 1. | Sněmovna schválila minulý týde... | tři přihlášky | 1 | |
| 2. | Jeden bývalý evropský premiér... | Boris Johnson | 0 | |
| 3. | Doplňte slovo do názvu časosbě... | Havel | 0 | |
| 4. | Která dvě křestní jména (jedno... | Eliška, Jakub | 0 | |
| 5. | Které dvě země se utkaly v sob... | Jihoafrická republika, Nový Zéland | 1 | |
| 6. | Naše téma nezačneme v kurníku,... | Fabergého vejce | 1 | |
| 7. | Barvíte velikonoční vajíčka? T... | 1D 2A 3B 4C | 0 | |
| 8. | Která z vajec na obrázku snesl... | B | 1 | |
| 9. | Ze kterého animovaného filmu z... | ze Slepičího úletu | 1 | |
| 10. | Vyberte nepravdivé tvrzení. | C | 1 |